00370nam a2200133Ia 450000500170000000800410001702000150005808200130007310000280008624500370011426000510015130000130020250000210021520250514005218.0240331s9999 xx 000 0 und d a9552002648 a294bATH aAthtudawe Rahula, Thera 0aJeewithaye paramarthaya kumakda? aColombobS Godake & Brothers Publicationc1991 a162 p ., aBook On Buddhism